Died in Office (US Presidents) Quiz Stats

 Plays Quiz Updated Dec 20, 2019

     
Support Sporcle.
Go Orange.
Score 0/8 Timer 01:30
0 Plays Today
Party President % Correct
DemocratJohn F. Kennedy
97.5%
RepublicanAbraham Lincoln
96.9%
DemocratFranklin D. Roosevelt
88.1%
WhigWilliam H. Harrison
81.5%
RepublicanWilliam McKinley
81.1%
RepublicanJames A. Garfield
77.9%
WhigZachary Taylor
66.2%
RepublicanWarren G. Harding
64.7%

From the Vault

Movie Cast Match (1994)

by MasterKGlas

Movies 8m
1994 was like a box of chocolates, you never know what you're gonna get.
Remove Ads.
Support Sporcle.
Get the best of Sporcle when you Go Orange. This ad-free experience offers more features, more stats, and more fun while also helping to support Sporcle. Thank you for becoming a member.

Show Comments

Extras

Top Quizzes Today


Score Distribution

Your Account Isn't Verified!

In order to create a playlist on Sporcle, you need to verify the email address you used during registration. Go to your Sporcle Settings to finish the process.

Report this User

Report this user for behavior that violates our Community Guidelines.

Details: